000 00504nam a2200181Ia 4500
005 20250326124534.0
008 250326s9999 xx 000 0 und d
037 _aTextbook
040 _aFMSL
_beng
_cFMSL
041 _aeng
_2eng
084 _aX:8 K8
_qFMSL
100 _aStrong E P
_9737480
245 0 _aManagement control models
_cStrong E P; Smith R D
260 _aNY Holt
_bNY Holt, Rinehart And Winston
_c1968
300 _a155p
942 _cTB
_hX:8 K8
999 _c1274095
_d1274095